[Event "BEL-ch U14"]
[Site "Blankenberge"]
[Date "2017.04.10"]
[Round "2"]
[White "Vanhoucke, Kobe"]
[Black "Michielsen, Kobus"]
[Result "1/2-1/2"]
[WhiteElo "1528"]
[BlackElo "1777"]
[PlyCount "78"]
[EventDate "2017.04.09"]
[EventType "swiss"]
[EventRounds "9"]
[EventCountry "BEL"]
[SourceTitle "CBM 178 Extra"]
[Source "ChessBase"]
[SourceDate "2017.06.22"]
[SourceVersion "1"]
[SourceVersionDate "2017.06.22"]
[SourceQuality "1"]

1. e4 c5 2. Nf3 e6 3. d4 cxd4 4. Nxd4 Nc6 5. Nc3 Qc7 6. Be3 a6 7. Be2 Bb4 8. Qd2 Nf6 9. f3 d5 10. exd5 Nxd5 11. a3 Nxe3 12. Qxe3 Bc5 13. Nxe6 Bxe6 14. Qxc5 b6 15. Qe3 0-0 16. 0-0 Rfe8 17. Qf2 Bf5 18. Bc4 b5 19. Bd5 Rad8 20. Rfe1 Ne7 21. Be4 Be6 22. Rad1 Bc4 23. Qg3 Qb6+ 24. Kh1 Ng6 25. Nd5 Bxd5 26. Rxd5 Rxd5 27. Bxd5 Rxe1+ 28. Qxe1 Qd8 29. Bb3 h6 30. h3 Qd4 31. Qe8+ Kh7 32. Qxf7 Ne5 33. Qg8+ Kg6 34. Qe6+ Kg5 35. Qe7+ Kf4 36. Qh4+ Ke3 37. Qe1+ Kf4 38. Qh4+ Ke3 39. Qe1+ Kf4 1/2-1/2